| 000 | 01487nam a2200361 i 4500 | ||
|---|---|---|---|
| 001 | 000017774 | ||
| 003 | DO-SdBNP | ||
| 005 | 20241112142928.0 | ||
| 007 | ta | ||
| 008 | 100331s1997 dr ac 000 0 spa d | ||
| 040 |
_aDO-SdBNP _bspa _cBNPHU _erda |
||
| 049 | _aBNPD | ||
| 082 | 4 |
_a972.9357 _bB828m _222 |
|
| 100 | 1 |
_aBrea Tió, Héctor, _d1953- _eautor _4aut. _938649 |
|
| 245 | 1 | 0 |
_aMao y su gente / _cHéctor Brea Tió ; presentación, Manuel Rueda, Dagoberto Tejada Ortiz ; prólogo, Manuel Mora Serrano ; edición, Manuel Torres Ferreira, Arismendi Ridríguez Herrera, Dagoberto Tejeda |
| 264 | 4 |
_aSanto Domingo _bEditora Lozano, _c1997. |
|
| 300 |
_a323 páginas : _bilustraciones, retratos ; _c24 cm. |
||
| 336 |
_atexto _btxt _2rdacontent |
||
| 337 |
_asin mediación _bn _2rdamedia |
||
| 338 |
_avolumen _bnc _2rdacarrier |
||
| 504 | _aBibliografía : páginas 321-323. | ||
| 590 | _aInventariado, 2024/BT | ||
| 650 | 4 |
_aCiudades y pueblos _zRepública Dominicana _9784 |
|
| 651 | 4 |
_aMao (República Dominicana) _xHistoria local _938650 |
|
| 651 | 4 |
_aMao (República Dominicana) _938651 _vBiografías |
|
| 700 | 1 |
_aRueda, Manuel, _epresentación _919958 |
|
| 700 | 1 |
_aTejada Ortiz, Dagoberto, _eeditor _4ed. _938652 |
|
| 700 | 1 |
_aMora Serrano, Manuel, _c1933- _eprologuista _95162 _4pról. |
|
| 700 | 1 |
_aTorres Ferreira, Manuel, _eeditor _986798 |
|
| 700 | 1 |
_aRodríguez Herrera, Arismendi, _eeditor _986799 |
|
| 910 | _aValidado. Control de calidad MMOLINA. | ||
| 942 |
_2ddc _cLBS1 |
||
| 999 |
_c17299 _d17299 |
||